|
|
|
|
| LEADER |
01216nam a22003372a 4500 |
| 001 |
001825754 |
| 003 |
CZ BrMZK |
| 005 |
20220602160511.0 |
| 007 |
ta |
| 008 |
220602s1948 xr a er|||||||||||cze d |
| 015 |
|
|
|a cnb000674152
|
| 020 |
|
|
|q (Brož.) :
|c Kčs 30,00
|
| 035 |
|
|
|a (OCoLC)85432235
|
| 040 |
|
|
|a ABA001
|b cze
|c CBA001
|d ABA001
|e aacr2
|d ABA009
|d OLA001
|d BOA001
|
| 072 |
|
7 |
|a 636
|x Chov zvířat. Živočišná výroba
|2 Konspekt
|9 24
|
| 080 |
9 |
|
|a 636.2
|2 MRF
|
| 100 |
1 |
|
|a Šmerha, Josef,
|d 1912-1986
|7 jk01130551
|4 aut
|
| 245 |
1 |
0 |
|a Umělé osemeňování skotu /
|c Josef Šmerha ; kapitolu Umělé osemeňování krav a jalovic na Litomyšlsku napsal Josef Šperl
|
| 260 |
|
|
|a Praha :
|b Brázda,
|c 1948
|f (Pražská akc. tisk.)
|
| 300 |
|
|
|a 97 s. :
|b il. ;
|c 20 cm
|
| 490 |
1 |
|
|a Rádce zemědělce ;
|v sv. 96
|
| 650 |
0 |
7 |
|a skot
|2 czenas
|
| 650 |
0 |
7 |
|a chov skotu
|2 czenas
|
| 650 |
0 |
7 |
|a umělá inseminace
|2 czenas
|
| 650 |
0 |
7 |
|a technika
|2 czenas
|
| 700 |
1 |
|
|a Šperl, Josef,
|d 1889-1960
|7 jk01130873
|4 aut
|
| 830 |
|
0 |
|a Rádce zemědělce
|0 s
|
| 910 |
|
|
|a BOA001
|b 2-0226.251
|
| 990 |
|
|
|a BK
|
| 991 |
|
|
|b 202206
|
| 996 |
7 |
|
|b 2618748192
|c 2-0226.251
|l MZK
|r Sklad / do 24 hodin
|n 0
|w 001890255
|u 000010
|a 1
|e BOA001
|j MZK50
|s A
|